Statistiques concernant Capitales d'Europe - Carte

Cliquez ici pour prendre le quiz!

Statistiques générales

  • Ce quiz a été pris 1 313 fois
    (1 312 depuis la dernière actualisation)
  • Le résultat moyen est 36 sur 45

Réponses sur la Carte

Les réponses sont colorées sur une échelle allant du rouge au vert en fonction du pourcentage des utilisateurs qui les ont devinées à leur premier essai. Vous pouvez retrouver ces pourcentages ci-dessous.
 

Statistiques - réponses

Capitales% Correct
Paris
99%
Londres
98%
Madrid
98%
Rome
98%
Berlin
97%
Lisbonne
97%
Bruxelles
96%
Athènes
95%
Dublin
95%
Moscou
95%
Luxembourg
94%
Amsterdam
93%
Oslo
93%
Berne
92%
Kiev
92%
Monaco
90%
Vatican
90%
Vienne
88%
Budapest
87%
Helsinki
87%
Stockholm
87%
Varsovie
87%
Copenhague
86%
Bucarest
85%
Saint-Marin
85%
Andorre la Vieille
84%
Prague
82%
Sofia
79%
Zagreb
79%
Reykjavik
73%
Minsk
72%
La Valette
71%
Riga
71%
Tallinn
69%
Vilnius
68%
Ljubljana
66%
Sarajevo
66%
Belgrade
64%
Bratislava
64%
Tirana
61%
Vaduz
61%
Chisinau
54%
Skopje
52%
Pristina
49%
Podgorica
48%

Distribution des résultats

Percentile par nombre de réponses

% des personnes avec chaque résultat

Votre développement - résultats

Vous n’avez pas pris ce quiz depuis la dernière actualisation